000 01861cam a22004694i 4500
003 PE-LiUPU
005 20250731173346.0
008 150706s2007 ag rb 000 0 d
020 _a9789597866241
035 _a(Sirsi) i9789597866241
040 _aPE-LiUPU
_bspa
_cPE-LiUPU
_erda
049 _aPRUA
082 0 4 _a296.155
_bD91
_221
100 1 _aDulitzky, Jorge,
_eautor.
245 1 4 _aLos rollos del Mar Muerto y las raíces secretas del cristianismo /
_cJorge Dulitzky.
264 1 _aBuenos Aires :
_bBiblos,
_c2007.
300 _a283 páginas ;
_c23 centímetros
336 _atext
_2rdacontent
337 _aunmediated
_2rdamedia
338 _avolume
_2rdacarrier
504 _aIncluye bibliografía.
505 0 _aEl escenario previo -- Los diferentes grupos religiosos en Judea -- Escritos bíblicos y extra bíblicos anteriores a los esenios -- El escenario: Cumrán y el Mar Muerto -- Los Rollos -- El "Sacerdote impío" y el Maestro de Justicia -- La relación entre los esenios y el cristianismo.
526 _aSEG42
526 _aSEG41
526 _aSEG40
526 _aSEG39
526 _aP94
526 _aP87
526 _aP86
526 _aP85
526 _aP77
526 _aP76
526 _aP35
541 _g007-0820905;
650 0 4 _aRollos del mar muerto.
_94334
910 _agl
_bjv
_cng
_d20091210
942 _2ddc
_cBOOK
949 _a296.155 D91
_wDEWEY
_c1
_i60777
_d2016-11-10
_e2016-11-7
_lCCODEBUL1
_mBUL
_n10
_p19.00
_r0
_sY
_tBOOK
_u2015-7-6
_xTEOLOGIA
_zUNKNOWN
_0COMPRA
_o.STAFF. Colección Teología
994 _aC0
_bPEPRU
596 _a1
999 _a296.155 D91
_wDEWEY
_c50157
_i60777
_d50157
_e2019-10-14
_f2021-11-11
_g5
_lCCODEBUL1
_mBUL
_n16
_p19.00
_q5
_r0
_sY
_tBOOK
_u2015-7-6
_xTEOLOGIA
_PP35
_0COMPRA
_o.STAFF. Colección Teología
980 _81
_gALBERTO SANCHEZ Responsable de Automatización